000 00542nam a2200229Ia 4500
003 OSt
005 20230503104531.0
008 210423s2012 xx 000 0 und d
020 _a978-0-415-66786-9
040 _cAL
041 _aeng
082 _a820.936
_223
_bGARE
100 _aGARRARD (Greg)
_996629
245 _aEcocriticism Ed 2
250 _a2
260 _aLondon
_bRoutledge
_c2012
300 _ax,230
_bPB
365 _b2578.97
_cGBP
650 _aEnglish Criticism
_996630
906 _aEcocriticism
942 _2ddc
_cBK
999 _c170833
_d170833